| 000 | 00471nam a2200157 4500 | ||
|---|---|---|---|
| 001 | 137545 | ||
| 003 | ES-MaACL | ||
| 007 | t| | ||
| 008 | 070214s1984 sp r ||||1| spa d | ||
| 100 | 1 |
_aSánchez Casado, Isabel. _9102532 |
|
| 245 | 1 | 3 |
_aLa estadística del estado en los periodos constitucionales / _cIsabel Sánchez Casado. |
| 250 | _a2ª. ed. | ||
| 260 |
_aMadrid : _bMovinter, _c1984. |
||
| 300 |
_aXVI, 233 p. ; _c24 cm. |
||
| 852 |
_aES-MaACL _jL-6122 _bR.106767 |
||
| 999 |
_c137545 _d137545 |
||